The clash of intolerances / (Record no. 4823)

MARC details
000 -LEADER
fixed length control field 00603 a2200181 4500
010 ## - LCCN (DPL NO)
LC control number ENG-86576
020 ## - INTERNATIONAL STANDARD BOOK NUMBER
International Standard Book Number 9788124112656
Terms of availability 295.00
035 ## - SYSTEM CONTROL NUMBER
System control number EN-70109
037 ## - SOURCE OF ACQUISITION
Source of stock number/acquisition DBAD / PUB
082 14 - DEWEY DECIMAL CLASSIFICATION NUMBER
Classification number 303.482
100 ## - MAIN ENTRY--PERSONAL NAME
Personal name Jahanbegloo, Ramin
245 1# - TITLE STATEMENT
Title The clash of intolerances /
Statement of responsibility, etc by Ramin Jahanbegloo
260 ## - PUBLICATION, DISTRIBUTION, ETC. (IMPRINT)
Place of publication, distribution, etc New Delhi
Name of publisher, distributor, etc Har-Anand Publications
Date of publication, distribution, etc 2007
270 ## - ADDRESS
Address E-49/3, Okhla Industrial Area, Phase-II,
City New Delhi
Postal code 110 020
Telephone number 41603490
Fax number 011-41708607
Electronic mail address haranand@rediffmail.com
300 ## - PHYSICAL DESCRIPTION
Extent 156p
Dimensions 21cm (Hb)
500 ## - GENERAL NOTE
General note Includes index
942 ## - ADDED ENTRY ELEMENTS (KOHA)
Institution code [OBSOLETE] dpl
Item type English Books
Source of classification or shelving scheme Dewey Decimal Classification
Classification part 303.482
Call number suffix JAH
Holdings
Withdrawn status Lost status Not for loan Collection code Home library Current library Source of acquisition Cost, normal purchase price Full call number Barcode Copy number Cost, replacement price Koha item type
    Not For Loan Non-fiction D.B.Act.Division D.B.Act.Division DBAD/PUB 295.00 303.482 JAH EN-70109 1 295.00 English Books

© Delhi Public Library
Hit Counter
free hit counter